| 000 | 00552nam a22001697a 4500 | ||
|---|---|---|---|
| 008 | 140131b xxu||||| |||| 00| 0 eng d | ||
| 020 | _a9780232527636 | ||
| 050 | _aBT736.4.L778.A3 | ||
| 100 |
_aLittle, Alistair _97608 |
||
| 245 |
_aGive a boy a gym _bfrom killing to peace-making / _cAlistair Little with Ruth Scot |
||
| 260 |
_aLondon _bDarton, Longman and Todd _c2009 |
||
| 300 |
_a222p. _c24cm. |
||
| 600 |
_aLittle, Alistair _97609 |
||
| 650 |
_aPeace building _xNorthern Ireland _97610 |
||
| 700 |
_aScott, Ruth _97611 |
||
| 942 |
_2lcc _cMONOGRAPH |
||
| 999 |
_c119850 _d119850 |
||